[Event "Titled Tue 20th May Early"]
[Site "chess.com INT"]
[Date "2025.05.20"]
[Round "1"]
[White "Barria Zuniga, Daniel"]
[Black "Blackburn, Jonathan L B"]
[Result "1-0"]
[WhiteTitle "IM"]
[BlackTitle "FM"]
[WhiteElo "2341"]
[BlackElo "2200"]
[WhiteFideId "3400816"]
[BlackFideId "1801090"]
[EventDate "2025.05.20"]

1. d4 Nf6 2. c4 g6 3. Nc3 Bg7 4. e4 d6 5. Be2 O-O 6. Nf3 e5 7. d5 a5 8. Bg5 h6
9. Bh4 g5 10. Bg3 Nh5 11. h4 Nxg3 12. fxg3 g4 13. Nd2 f5 14. exf5 Bxf5 15. Bxg4
Na6 16. Bxf5 Rxf5 17. Qg4 Qf8 18. Nde4 h5 19. Qg6 Qf7 20. Qxf7+ Rxf7 21. Ke2 Bh6
22. Raf1 Raf8 23. Rxf7 Rxf7 24. Rf1 Rxf1 25. Kxf1 Kf7 26. Ke2 Nb4 27. Kf3 Nd3
28. b3 Ne1+ 29. Kf2 Nd3+ 30. Ke2 Nb4 31. Kf3 Nc2 32. g4 Nd4+ 33. Kg3 Bf4+ 34.
Kh3 Ke7 35. gxh5 c6 36. g4 Nf3 37. g5 1-0

[Event "Titled Tue 20th May Early"]
[Site "chess.com INT"]
[Date "2025.05.20"]
[Round "1"]
[White "Rozum, Ivan"]
[Black "Modric, Nesa"]
[Result "1-0"]
[WhiteTitle "GM"]
[BlackTitle "CM"]
[WhiteElo "2439"]
[BlackElo "2088"]
[WhiteFideId "24104272"]
[BlackFideId "922579"]
[EventDate "2025.05.20"]

1. d4 d5 2. Nf3 e6 3. c4 c6 4. e3 Nf6 5. b3 Nbd7 6. Bb2 Bd6 7. Bd3 Ne4 8. O-O f5
9. Nbd2 O-O 10. a3 a6 11. b4 Qc7 12. Rc1 Ndf6 13. Ne5 Nxd2 14. Qxd2 Ne4 15. Qe2
Bd7 16. f3 Nf6 17. c5 Be7 18. a4 Rfb8 19. b5 axb5 20. axb5 Qd8 21. b6 Bc8 22.
Bc2 Nd7 23. Nd3 Bf6 24. Bb3 Ra5 25. Bc3 Ra3 26. Qb2 Rba8 27. Bb4 R3a6 28. Kh1 h6
29. Rfe1 Qf8 30. Bc3 Ra3 31. Bb4 R3a6 32. e4 g6 33. exd5 exd5 34. Re2 Kg7 35.
Rce1 Qf7 36. Nf4 Nf8 37. Bc3 g5 38. Nd3 Ne6 39. Ne5 1-0

[Event "Titled Tue 20th May Early"]
[Site "chess.com INT"]
[Date "2025.05.20"]
[Round "1"]
[White "Ermolaev, Evgeny"]
[Black "Kozak, Antoni"]
[Result "0-1"]
[WhiteTitle "FM"]
[WhiteElo "2282"]
[BlackElo "2426"]
[WhiteFideId "24103195"]
[BlackFideId "21832030"]
[EventDate "2025.05.20"]

1. d4 Nf6 2. c4 g6 3. Nf3 Bg7 4. g3 O-O 5. Bg2 d6 6. Nc3 Nc6 7. d5 Na5 8. b3 c5
9. Bb2 a6 10. O-O b5 11. Nd2 Rb8 12. Qc1 e5 13. dxe6 Bxe6 14. cxb5 axb5 15. Nce4
Nxe4 16. Nxe4 Nb7 17. Bxg7 Kxg7 18. Qb2+ f6 19. Rfd1 Qe7 20. Nc3 b4 21. Nd5 Bxd5
22. Rxd5 Nd8 23. Rad1 Nf7 24. e3 Rb6 25. h4 h5 26. Qd2 Ra6 27. Rd3 Qa7 28. Bd5
Rxa2 29. Qe1 Ne5 30. R3d2 Rxd2 31. Rxd2 Ra8 32. f4 Ng4 33. Bxa8 Qxa8 34. e4 Qc6
35. Qe2 Qb6 36. Kg2 Qc6 37. Qd3 f5 38. Qd5 Ne3+ 39. Kf3 Nxd5 40. exd5 Qa6 41.
Re2 Qa1 42. Re7+ Kh6 43. Re6 Qh1+ 44. Kf2 Qxd5 0-1

[Event "Titled Tue 20th May Early"]
[Site "chess.com INT"]
[Date "2025.05.20"]
[Round "1"]
[White "Buscar, Michael"]
[Black "Maksimovic, Bojan"]
[Result "0-1"]
[BlackTitle "IM"]
[WhiteElo "2016"]
[BlackElo "2514"]
[WhiteFideId "2603616"]
[BlackFideId "14408120"]
[EventDate "2025.05.20"]

1. d4 Nf6 2. c4 c5 3. d5 b5 4. cxb5 a6 5. bxa6 g6 6. g3 Bg7 7. Bg2 d6 8. Nf3
Bxa6 9. O-O Nfd7 10. Nfd2 Nb6 11. Nc3 N8d7 12. Re1 O-O 13. Qc2 Ne5 14. b3 h5 15.
Bb2 h4 16. Nf3 Qc8 17. Nxh4 Bb7 18. Red1 Ra5 19. Nf3 Qa8 20. Nxe5 Bxe5 21. a4 e6
22. Nb5 Bxd5 23. Bxd5 Nxd5 24. Bxe5 dxe5 25. Qxc5 Rc8 26. Qd6 e4 27. Rac1 Rd8
28. Qe5 e3 29. f3 Rc8 30. h4 Ra6 31. h5 gxh5 32. Qg5+ Kf8 33. Qxh5 Rac6 34. Rxc6
Qxc6 35. Nd4 Qc7 36. Kg2 Ke7 37. Qg5+ Kd7 38. Qg7 Ke7 39. Rh1 Qc3 40. Rh7 Rf8
41. Qg5+ Kd6 42. Rh4 f5 43. Qh6 Rf6 44. Qh8 f4 45. Qb8+ Kc5 46. Qc8+ Kxd4 47.
Qxc3+ Kxc3 48. gxf4 Nxf4+ 49. Kf1 e5 50. a5 Rd6 51. a6 Rd1# 0-1

[Event "Titled Tue 20th May Early"]
[Site "chess.com INT"]
[Date "2025.05.20"]
[Round "1"]
[White "Lortkipanidze, Nodar"]
[Black "Ristic, Nebojsa M"]
[Result "0-1"]
[WhiteTitle "IM"]
[BlackTitle "IM"]
[WhiteElo "2359"]
[BlackElo "2248"]
[WhiteFideId "13604058"]
[BlackFideId "900850"]
[EventDate "2025.05.20"]

1. e4 e6 2. d4 d5 3. Nc3 Bb4 4. Ne2 dxe4 5. a3 Be7 6. Nxe4 Nf6 7. Nxf6+ Bxf6 8.
Qd3 O-O 9. g4 Nc6 10. Be3 e5 11. d5 Nd4 12. Bxd4 Qxd5 13. Rg1 exd4 14. O-O-O Qa2
15. c3 dxc3 16. Nxc3 Qb3 17. g5 Be5 18. Bh3 Bxc3 19. bxc3 Qxa3+ 20. Kc2 Qa2+ 21.
Kc1 Bxh3 22. Qxh3 Rad8 23. Qe3 Rfe8 24. h4 Rxd1+ 25. Rxd1 Qa3+ 26. Kc2 Qa4+ 27.
Kb2 Rxe3 0-1

[Event "Titled Tue 20th May Early"]
[Site "chess.com INT"]
[Date "2025.05.20"]
[Round "1"]
[White "Kiran, Manisha Mohanty"]
[Black "Jaskolka, Tomasz"]
[Result "0-1"]
[WhiteTitle "WGM"]
[BlackTitle "CM"]
[WhiteElo "2031"]
[BlackElo "2200"]
[WhiteFideId "5019575"]
[BlackFideId "1170791"]
[EventDate "2025.05.20"]

1. e4 d6 2. d4 Nf6 3. Nc3 Nbd7 4. Nf3 e5 5. Bc4 Be7 6. O-O c6 7. a4 Qc7 8. a5 h6
9. h3 g5 10. Nh2 Nf8 11. dxe5 dxe5 12. Be3 Be6 13. Qe2 Ng6 14. Bxe6 fxe6 15. Ng4
Nf4 16. Nxf6+ Bxf6 17. Qc4 Kf7 18. Na4 Rhg8 19. Nc5 Qe7 20. Rad1 Rad8 21. Kh2 g4
22. g3 Nxh3 23. f4 exf4 24. Rxd8 Rxd8 25. Bxf4 Nxf4 26. Rxf4 Rd2+ 27. Kg1 Kg6
28. e5 Bg5 29. Rxg4 Qf7 30. Qxe6+ Qxe6 31. Nxe6 Kf5 32. Rxg5+ hxg5 33. Nc5 Rxc2
34. b4 Rxc5 35. bxc5 Kxe5 36. Kf2 Ke4 37. Ke2 g4 38. Kd2 Kf3 39. Kd3 Kxg3 40.
Ke3 Kh3 41. Kf4 g3 42. Ke5 g2 43. Kd6 g1=Q 44. Kc7 Qxc5 45. Kxb7 Qxa5 46. Ka8
Qb5 47. Kxa7 c5 48. Ka8 c4 49. Ka7 c3 50. Ka8 c2 51. Ka7 c1=Q 52. Ka8 Qa1# 0-1

[Event "Titled Tue 20th May Early"]
[Site "chess.com INT"]
[Date "2025.05.20"]
[Round "1"]
[White "Erece, Ece Alkim"]
[Black "Kim, Sergey"]
[Result "0-1"]
[WhiteTitle "WCM"]
[BlackTitle "FM"]
[WhiteElo "1843"]
[BlackElo "2295"]
[WhiteFideId "6346006"]
[BlackFideId "13700570"]
[EventDate "2025.05.20"]

1. e4 e5 2. Nf3 Nc6 3. Bc4 Bc5 4. c3 Nf6 5. d3 d6 6. O-O O-O 7. a4 a6 8. Nbd2
Ba7 9. h3 Be6 10. Re1 Nh5 11. Nf1 Qf6 12. Bb3 Nf4 13. Bxf4 Qxf4 14. Qd2 Bxb3 15.
Qxf4 exf4 16. d4 d5 17. e5 Na5 18. N1d2 Bc4 19. Ra3 Bd3 20. b3 Bf5 21. Raa1 h6
22. Rac1 Rfe8 23. c4 dxc4 24. bxc4 Nc6 25. Nb3 Nb4 26. Rc3 Rad8 27. d5 Nd3 28.
Re2 Nc5 29. Nbd4 Bg6 30. a5 Nd3 31. e6 Nc5 32. Ne5 Na4 33. Nxg6 Nxc3 34. exf7+
Kxf7 35. Rxe8 Rxe8 36. Ne6 Rxe6 0-1

[Event "Titled Tue 20th May Early"]
[Site "chess.com INT"]
[Date "2025.05.20"]
[Round "1"]
[White "So, Wesley"]
[Black "Gibala, Adam"]
[Result "1-0"]
[WhiteTitle "GM"]
[BlackTitle "CM"]
[WhiteElo "2751"]
[BlackElo "2239"]
[WhiteFideId "5202213"]
[BlackFideId "21070288"]
[EventDate "2025.05.20"]

1. b3 e5 2. Bb2 Nc6 3. e3 d5 4. Bb5 Ne7 5. Bxe5 a6 6. Bxc6+ Nxc6 7. Bb2 Qg5 8.
Kf1 Bg4 9. f3 Bf5 10. Ne2 O-O-O 11. h4 Qe7 12. Kf2 h5 13. d3 f6 14. Ba3 Qe5 15.
d4 Qe8 16. Bxf8 Rxf8 17. Qd2 g5 18. Nbc3 g4 19. Ng3 Bh7 20. Nce2 Ne7 21. Nf4 Nf5
22. Nfxh5 gxf3 23. gxf3 Nxg3 24. Nxg3 f5 25. Ne2 f4 26. Nxf4 Qe7 27. Rag1 c5 28.
c3 Kb8 29. Rg5 cxd4 30. Qxd4 Qa3 31. Qd2 Qc5 32. Ne6 Qe7 33. Nxf8 Rxf8 34. Rh3
Be4 35. Ke2 Qe6 36. Rhg3 Qf6 37. Qd4 Bxf3+ 38. Kd2 Qf7 39. Rg7 Qe6 40. Qb4 d4
41. Qxf8+ Ka7 42. Qc5+ 1-0

[Event "Titled Tue 20th May Early"]
[Site "chess.com INT"]
[Date "2025.05.20"]
[Round "1"]
[White "Xie, Bryan"]
[Black "Sjugirov, Sanan"]
[Result "0-1"]
[WhiteTitle "FM"]
[BlackTitle "GM"]
[WhiteElo "2317"]
[BlackElo "2638"]
[WhiteFideId "30941296"]
[BlackFideId "4189302"]
[EventDate "2025.05.20"]

1. e4 c5 2. Nf3 d6 3. d4 cxd4 4. Nxd4 Nf6 5. Nc3 a6 6. Be3 e5 7. Nb3 Be7 8. f3
Be6 9. Qd2 h5 10. Nd5 Bxd5 11. exd5 Nbd7 12. Be2 Qc7 13. O-O O-O 14. c4 a5 15.
Qd3 b6 16. Kh1 Rfe8 17. Rac1 g6 18. f4 a4 19. Nd2 exf4 20. Bxf4 Bf8 21. Bd1 Bg7
22. Qg3 Ne5 23. Bc2 Qd7 24. Rce1 Nh7 25. b3 axb3 26. axb3 Ra2 27. Bb1 Rb2 28.
Ne4 Qd8 29. h3 h4 30. Qc3 Ng4 31. Qd3 Rxe4 32. Qxe4 Nf2+ 33. Rxf2 Rxf2 34. Kg1
Rb2 35. Qd3 Qf6 36. Be3 Ng5 37. Bxb6 Qf4 38. Be3 Nxh3+ 39. Kh1 Qg3 40. Bc2 Qxe1+
41. Kh2 Qg3+ 42. Kh1 Rxc2 43. Qxc2 Qxe3 44. gxh3 Qxh3+ 45. Kg1 Bd4+ 0-1

[Event "Titled Tue 20th May Early"]
[Site "chess.com INT"]
[Date "2025.05.20"]
[Round "1"]
[White "Atkeson, Christopher Timothy"]
[Black "Williams, Simon K"]
[Result "0-1"]
[BlackTitle "GM"]
[WhiteElo "2031"]
[BlackElo "2445"]
[WhiteFideId "39956547"]
[BlackFideId "404454"]
[EventDate "2025.05.20"]

1. e4 e6 2. d4 d5 3. Nd2 Nf6 4. e5 Nfd7 5. f4 c5 6. c3 Nc6 7. Ndf3 Qb6 8. a3 Be7
9. b4 cxd4 10. cxd4 f5 11. Be3 O-O 12. Bd3 Qc7 13. Rc1 a6 14. Ne2 b5 15. O-O Nb6
16. Kh1 Nc4 17. Bxc4 dxc4 18. d5 exd5 19. Qxd5+ Kh8 20. Qd1 Bb7 21. Ng3 a5 22.
bxa5 Nxa5 23. a4 b4 24. Nd4 Rad8 25. Qh5 g6 26. Qh3 c3 27. Ne6 Qc6 28. Nxf8 Rxf8
29. Ne2 Bc5 30. Rfd1 Bxe3 31. Qxe3 Qxg2# 0-1

[Event "Titled Tue 20th May Early"]
[Site "chess.com INT"]
[Date "2025.05.20"]
[Round "1"]
[White "Papasimakopoulos, Alexandros"]
[Black "Darmanin, Jake"]
[Result "1-0"]
[WhiteTitle "IM"]
[BlackTitle "CM"]
[WhiteElo "2366"]
[BlackElo "2065"]
[WhiteFideId "4244125"]
[BlackFideId "5601061"]
[EventDate "2025.05.20"]

1. d4 Nf6 2. c4 e6 3. Nc3 d5 4. cxd5 Nxd5 5. e4 Nxc3 6. bxc3 c5 7. Rb1 cxd4 8.
cxd4 Nc6 9. Bb5 Bd7 10. Nf3 Bb4+ 11. Bd2 Bxd2+ 12. Qxd2 O-O 13. O-O Rc8 14. Rfd1
h6 15. Qf4 b6 16. Qd6 Qc7 17. Qxc7 Rxc7 18. d5 exd5 19. exd5 Na5 20. d6 Rb7 21.
Bxd7 Rxd7 22. Ne5 Rdd8 23. Rbc1 f6 24. Ng6 Rf7 25. f4 Rfd7 26. f5 Nb7 27. Rc6
Nxd6 28. g4 b5 29. Kg2 b4 30. Kf3 a5 31. Ra6 Kh7 32. Rxa5 Nxf5 33. Rxd7 Nd4+ 34.
Rxd4 Rxd4 35. Nf4 Rc4 36. Ra7 Rc3+ 37. Ke4 Rc4+ 38. Ke3 Rc3+ 39. Kd4 Rf3 40. Nh5
Rh3 41. Rxg7+ Kh8 42. Ra7 Rxh2 43. Nxf6 h5 44. Rh7# 1-0

[Event "Titled Tue 20th May Early"]
[Site "chess.com INT"]
[Date "2025.05.20"]
[Round "1"]
[White "Maycock Bates, David Henry"]
[Black "Cieslak, Patryk"]
[Result "0-1"]
[WhiteTitle "CM"]
[BlackTitle "FM"]
[WhiteElo "2274"]
[BlackElo "2442"]
[WhiteFideId "5142547"]
[BlackFideId "21078882"]
[EventDate "2025.05.20"]

1. e4 d6 2. d4 Nf6 3. Nc3 e5 4. dxe5 dxe5 5. Qxd8+ Kxd8 6. Bc4 Ke8 7. f4 Bb4 8.
Bd2 Nbd7 9. Nf3 exf4 10. O-O-O Ng4 11. Nd5 Bd6 12. Rhf1 Nb6 13. Nxb6 axb6 14. h3
Ne3 15. Bxe3 fxe3 16. e5 Bc5 17. Nd4 Bxd4 18. Rxd4 Be6 19. Bxe6 fxe6 20. Re4
Rxa2 21. Kb1 Ra5 22. Rxe3 Rf8 23. Rxf8+ Kxf8 24. c4 Ke7 25. Kc2 b5 26. cxb5 Rxb5
27. b3 c6 28. g4 h6 29. Kc3 Rc5+ 30. Kd4 Rd5+ 31. Kc4 Kf7 32. Rf3+ Kg6 33. Re3
b6 34. b4 Kg5 35. Re4 c5 36. bxc5 Rxc5+ 37. Kd4 Rd5+ 38. Ke3 Kh4 39. Kf4 g5+ 0-1

[Event "Titled Tue 20th May Early"]
[Site "chess.com INT"]
[Date "2025.05.20"]
[Round "1"]
[White "Tologon tegin, Semetei"]
[Black "Terron Elena, Francisco M."]
[Result "1-0"]
[WhiteTitle "IM"]
[BlackTitle "FM"]
[WhiteElo "2313"]
[BlackElo "2148"]
[WhiteFideId "13800574"]
[BlackFideId "2210576"]
[EventDate "2025.05.20"]

1. d4 d5 2. c4 dxc4 3. e4 c5 4. d5 Nf6 5. Nc3 b5 6. e5 b4 7. exf6 bxc3 8. bxc3
exf6 9. Bxc4 Bd6 10. Ne2 O-O 11. O-O Nd7 12. Bb5 Nb6 13. c4 Rb8 14. Qd3 Bd7 15.
a4 Re8 16. Bd2 Qc7 17. h3 g6 18. Rfe1 Re7 19. Bc3 f5 20. Bf6 Ree8 21. Nc3 Bh2+
22. Kh1 Be5 23. Rxe5 Rxe5 24. d6 1-0

[Event "Titled Tue 20th May Early"]
[Site "chess.com INT"]
[Date "2025.05.20"]
[Round "1"]
[White "Sakun, Volodymyr"]
[Black "Palu, Andres"]
[Result "1-0"]
[WhiteTitle "FM"]
[BlackTitle "FM"]
[WhiteElo "2301"]
[BlackElo "2095"]
[WhiteFideId "14114062"]
[BlackFideId "119288"]
[EventDate "2025.05.20"]

1. Nf3 d5 2. d4 Nf6 3. Bf4 e6 4. e3 Bd6 5. Nbd2 c5 6. dxc5 Bxc5 7. c4 Nc6 8. a3
Bd6 9. Bg5 h6 10. Bh4 g5 11. Bg3 Bxg3 12. hxg3 Bd7 13. Nxg5 Qb6 14. b4 Ne5 15.
Ngf3 Neg4 16. c5 Qc7 17. Rc1 Ke7 18. Bd3 e5 19. e4 d4 20. Nc4 Be6 21. Nh4 h5 22.
Nd6 Nh6 23. Qe2 Rag8 24. Nhf5+ Kf8 25. Rh4 Rg4 26. f3 Rg5 27. Kf2 Bd7 28. Rch1
Bc6 29. g4 b6 30. Qd2 Rg6 31. g5 Nxf5 32. exf5 Nd5 33. fxg6 Nf4 34. Rxf4 exf4
35. Qxf4 Qe7 36. Qxf7+ Qxf7 37. gxf7 1-0

[Event "Titled Tue 20th May Early"]
[Site "chess.com INT"]
[Date "2025.05.20"]
[Round "1"]
[White "Suleymanli, Suleyman"]
[Black "Mikhalsky, Vladimir"]
[Result "1-0"]
[WhiteTitle "FM"]
[WhiteElo "2322"]
[BlackElo "2219"]
[WhiteFideId "13416375"]
[BlackFideId "14144352"]
[EventDate "2025.05.20"]

1. Nf3 c5 2. c4 Nf6 3. Nc3 d5 4. cxd5 Nxd5 5. g3 Nc6 6. Bg2 Nc7 7. O-O e5 8. d3
Be7 9. Nd2 Bd7 10. Nc4 f6 11. f4 exf4 12. Bxf4 Ne6 13. Bd6 O-O 14. Bxe7 Qxe7 15.
Nd5 Qd8 16. e3 Nc7 17. Qb3 Nxd5 18. Bxd5+ Kh8 19. Nd6 Bh3 20. Nxb7 Qc7 21. Rfc1
Rab8 22. Rxc5 Rxb7 23. Rxc6 Qb8 24. Qc3 Rxb2 25. Rc1 Rb1 26. Kf2 Rxc1 27. Qxc1
Rd8 28. Bg2 Qe5 29. Bxh3 Qh5 30. Bg2 Qf5+ 31. Bf3 Qxd3 32. Rc8 h6 33. Rxd8+ Qxd8
34. Qc2 Qa5 35. h4 f5 36. h5 a6 37. Be2 Qe5 38. Bd3 1-0

[Event "Titled Tue 20th May Early"]
[Site "chess.com INT"]
[Date "2025.05.20"]
[Round "1"]
[White "Aranda, Juan Manuel"]
[Black "Guerra Tulcan, Lenin"]
[Result "0-1"]
[WhiteTitle "CM"]
[BlackTitle "IM"]
[WhiteElo "2134"]
[BlackElo "2310"]
[WhiteFideId "160458"]
[BlackFideId "3601382"]
[EventDate "2025.05.20"]

1. Nf3 e6 2. g3 c5 3. Bg2 b6 4. O-O Bb7 5. d3 Nf6 6. e4 d6 7. Nc3 Nbd7 8. Re1
Be7 9. a3 a6 10. h3 O-O 11. Bf4 b5 12. b4 cxb4 13. axb4 Rc8 14. Ne2 Nb6 15. Qd2
Re8 16. Rec1 e5 17. Be3 Bf8 18. Nh4 d5 19. exd5 Nbxd5 20. c3 Qd7 21. Bg5 Red8
22. Rd1 h6 23. Bxf6 Nxf6 24. Bxb7 Qxb7 25. Qe3 Re8 26. Nf5 e4 27. Ned4 Nd5 28.
Qe1 exd3 29. Qd2 Rxc3 30. Qxd3 Rxd3 0-1

[Event "Titled Tue 20th May Early"]
[Site "chess.com INT"]
[Date "2025.05.20"]
[Round "1"]
[White "Gilfanov, Marat I"]
[Black "Ramsdal, Jens Albert"]
[Result "1-0"]
[WhiteTitle "FM"]
[BlackTitle "FM"]
[WhiteElo "2379"]
[BlackElo "2351"]
[WhiteFideId "34372164"]
[BlackFideId "1429221"]
[EventDate "2025.05.20"]

1. e4 c5 2. Nf3 g6 3. d4 cxd4 4. Nxd4 Bg7 5. c4 Nc6 6. Be3 Nf6 7. Nc3 O-O 8. Be2
d6 9. f3 Nd7 10. O-O a6 11. Qd2 Nxd4 12. Bxd4 Bxd4+ 13. Qxd4 Qb6 14. Qxb6 Nxb6
15. Rac1 Be6 16. Nd5 Bxd5 17. cxd5 Rfc8 18. Kf2 Kf8 19. Ke3 Ke8 20. Kd4 Kd8 21.
Bd3 Rxc1 22. Rxc1 Rc8 23. Rf1 Na4 24. Rb1 Nc5 25. Be2 e5+ 26. dxe6 Nxe6+ 27. Ke3
Rc2 28. Kd3 Rc5 29. g3 h5 30. h4 g5 31. Rh1 gxh4 32. Rxh4 Rg5 33. Rh3 h4 34.
Rxh4 Rxg3 35. Ke3 Rg1 36. Bc4 Re1+ 37. Kd2 Rb1 38. Kc2 Rg1 39. Rh8+ Kc7 40. Rh7
Nd4+ 41. Kc3 Nc6 42. Rxf7+ Kb6 43. Bd5 Ne5 44. Rxb7+ Kc5 45. b4# 1-0

[Event "Titled Tue 20th May Early"]
[Site "chess.com INT"]
[Date "2025.05.20"]
[Round "1"]
[White "Eljanov, Pavel"]
[Black "Liu, Zhaoqi"]
[Result "1-0"]
[WhiteTitle "GM"]
[BlackTitle "IM"]
[WhiteElo "2668"]
[BlackElo "2400"]
[WhiteFideId "14102951"]
[BlackFideId "8609381"]
[EventDate "2025.05.20"]

1. d4 Nf6 2. Nf3 c5 3. d5 e6 4. Nc3 exd5 5. Nxd5 Nxd5 6. Qxd5 Nc6 7. e4 d6 8.
Bc4 Be6 9. Qd3 Nb4 10. Bb5+ Bd7 11. Bxd7+ Qxd7 12. Qe2 Be7 13. c3 Nc6 14. O-O
O-O 15. Rd1 Qe6 16. Qd3 Ne5 17. Qe2 Rad8 18. Bf4 Bf6 19. Bxe5 Bxe5 20. Rd5 f5
21. Rad1 Bf4 22. e5 g5 23. g3 g4 24. gxf4 gxf3 25. Qxf3 Kh8 26. h3 Rg8+ 27. Kh2
Qe7 28. Rxd6 Rdf8 29. Rd7 Qe8 30. Rxb7 Rg6 31. Rdd7 Rh6 32. Qg3 Rg8 33. Rg7 Rg6
34. Qxg6 Qxg6 35. Rxg6 1-0

[Event "Titled Tue 20th May Early"]
[Site "chess.com INT"]
[Date "2025.05.20"]
[Round "1"]
[White "Savitha, Shri B"]
[Black "Ebrahimi Herab, Hamidreza"]
[Result "0-1"]
[WhiteTitle "IM"]
[BlackTitle "FM"]
[WhiteElo "2298"]
[BlackElo "2404"]
[WhiteFideId "35061887"]
[BlackFideId "22512888"]
[EventDate "2025.05.20"]

1. Nf3 Nf6 2. g3 g6 3. b3 Bg7 4. Bb2 O-O 5. Bg2 d5 6. O-O c5 7. c4 d4 8. e3 Nc6
9. exd4 cxd4 10. d3 e5 11. b4 e4 12. dxe4 Nxe4 13. b5 Nc3 14. Nxc3 dxc3 15. Ba3
Na5 16. Bxf8 Qxf8 17. Qa4 b6 18. c5 Qxc5 19. Nd4 Bb7 20. Nc6 a6 21. Nxa5 Bxg2
22. Nb3 axb5 23. Nxc5 bxa4 24. Kxg2 bxc5 25. Rac1 Rb8 26. Rb1 Rb2 27. Rfd1 Bf6
28. Rd6 Rxb1 0-1

[Event "Titled Tue 20th May Early"]
[Site "chess.com INT"]
[Date "2025.05.20"]
[Round "1"]
[White "Barwinska, Ewa"]
[Black "Risteski, Emil"]
[Result "0-1"]
[WhiteTitle "WFM"]
[BlackTitle "IM"]
[WhiteElo "2014"]
[BlackElo "2359"]
[WhiteFideId "21833761"]
[BlackFideId "15005267"]
[EventDate "2025.05.20"]

1. e4 d6 2. d4 Nf6 3. Nc3 e5 4. Nf3 Nbd7 5. Bc4 Be7 6. O-O h6 7. h3 c6 8. a4 a5
9. Bb3 Qc7 10. Be3 Nf8 11. Qd2 g5 12. dxe5 dxe5 13. Rfe1 Ng6 14. Rad1 g4 15.
hxg4 Bxg4 16. Qe2 Nh4 17. Qc4 Nxf3+ 18. gxf3 Be6 19. Qd3 Bd7 20. Kf1 O-O-O 21.
Qe2 Rhg8 22. Rxd7 Qxd7 23. Qc4 Rgf8 24. Bb6 Qh3+ 25. Ke2 Rd7 26. Bxa5 Nh5 27.
Nb5 Nf4+ 28. Ke3 Bg5 0-1

[Event "Titled Tue 20th May Early"]
[Site "chess.com INT"]
[Date "2025.05.20"]
[Round "1"]
[White "Fernandes, Rogerio Paulo Muller"]
[Black "Trifan, Andrei Ioan"]
[Result "0-1"]
[BlackTitle "FM"]
[WhiteElo "2241"]
[BlackElo "2321"]
[WhiteFideId "2101599"]
[BlackFideId "12967068"]
[EventDate "2025.05.20"]

1. c4 e6 2. g3 d5 3. Bg2 Nf6 4. Nf3 Be7 5. O-O O-O 6. b3 d4 7. e3 Nc6 8. Bb2 e5
9. d3 dxe3 10. fxe3 Ng4 11. Qe2 Bc5 12. Bc1 e4 13. dxe4 Re8 14. Nc3 Qf6 15. Bd2
Bxe3+ 16. Bxe3 Qxc3 17. Bf4 Bf5 18. h3 Nf6 19. e5 Nh5 20. Rae1 Nxf4 21. gxf4
Rad8 22. Kh2 Rd3 23. Rc1 Qa5 24. Nh4 Nd4 25. Qf2 Bxh3 26. Bxh3 Rd2 27. Rcd1
Rxf2+ 28. Rxf2 c5 29. Rdd2 Qc3 30. Nf5 Nf3+ 31. Rxf3 Qxf3 0-1

[Event "Titled Tue 20th May Early"]
[Site "chess.com INT"]
[Date "2025.05.20"]
[Round "1"]
[White "Sutormin, Danila"]
[Black "Mitrabha, Guha"]
[Result "0-1"]
[WhiteTitle "FM"]
[BlackTitle "GM"]
[WhiteElo "2381"]
[BlackElo "2515"]
[WhiteFideId "24108669"]
[BlackFideId "5057000"]
[EventDate "2025.05.20"]

1. e4 c6 2. d4 d5 3. Nd2 dxe4 4. Nxe4 Nf6 5. Nxf6+ gxf6 6. g3 h5 7. h3 Bf5 8.
Bg2 e6 9. Ne2 Nd7 10. c4 Bd6 11. Nc3 Qc7 12. Ne4 Bxe4 13. Bxe4 f5 14. Bf3 h4 15.
g4 fxg4 16. hxg4 O-O-O 17. Be3 Bf4 18. Qc2 Bxe3 19. fxe3 Nf8 20. O-O-O Qg3 21.
Qg2 Qd6 22. Be4 Qe7 23. g5 Rh5 24. Rdg1 Nd7 25. g6 fxg6 26. Qxg6 Rdh8 27. Rh3
R5h6 28. Qg7 Qd6 29. c5 Qc7 30. Qe7 Qd8 31. Qd6 e5 32. Rg6 Rxg6 33. Qxg6 exd4
34. exd4 Qf6 35. Qxf6 Nxf6 36. Bf5+ Kd8 37. Kd2 Nd5 38. Be4 Nf4 39. Rh2 Ke7 40.
Ke3 Ne6 41. b4 Nc7 42. Kf4 Ke6 43. Rg2 Nd5+ 44. Kf3 h3 45. Rg6+ Kf7 46. Rd6 Nf6 0-1

[Event "Titled Tue 20th May Early"]
[Site "chess.com INT"]
[Date "2025.05.20"]
[Round "1"]
[White "Kuznetsov, Mikhail V."]
[Black "Leinov, Roman"]
[Result "1-0"]
[WhiteTitle "FM"]
[BlackTitle "CM"]
[WhiteElo "2218"]
[BlackElo "2120"]
[WhiteFideId "4194900"]
[BlackFideId "13504649"]
[EventDate "2025.05.20"]

1. e4 c5 2. c3 g6 3. Nf3 Bg7 4. d4 cxd4 5. cxd4 d5 6. e5 a6 7. Nc3 Nc6 8. h3 e6
9. Bg5 Qb6 10. Qd2 h6 11. Be3 Nge7 12. Na4 Qd8 13. Rc1 Nf5 14. Bd3 Bd7 15. Nc5
b6 16. Nxd7 Qxd7 17. g4 Nxe3 18. Qxe3 O-O 19. Nd2 f6 20. f4 fxe5 21. dxe5 g5 22.
fxg5 Nxe5 23. gxh6 Nxd3+ 24. Qxd3 Bxh6 25. Rf1 Rxf1+ 26. Kxf1 Rf8+ 27. Kg2 Qg7
28. Rc2 Bf4 29. Nf3 Qf7 30. Re2 Re8 31. Ne5 Qf6 32. Nd7 Qg5 33. Nxb6 Kf7 34.
Qxa6 e5 35. Nxd5 e4 36. Qb7+ Kg6 37. Nxf4+ Qxf4 38. Rf2 Qe5 39. Qf7+ Kg5 40.
Rf5+ Kh4 41. Rh5+ Qxh5 42. Qxh5# 1-0

[Event "Titled Tue 20th May Early"]
[Site "chess.com INT"]
[Date "2025.05.20"]
[Round "1"]
[White "Karpenko, Anton"]
[Black "Klukin, Kirill"]
[Result "0-1"]
[WhiteTitle "CM"]
[BlackTitle "IM"]
[WhiteElo "2218"]
[BlackElo "2407"]
[WhiteFideId "34374353"]
[BlackFideId "24199273"]
[EventDate "2025.05.20"]

1. e4 c5 2. Nf3 g6 3. d4 cxd4 4. Nxd4 Bg7 5. c4 Nc6 6. Be3 Nf6 7. Nc3 O-O 8. f3
d6 9. Qd2 a5 10. Ndb5 a4 11. Be2 Be6 12. Nd5 a3 13. Nd4 axb2 14. Qxb2 Nxd5 15.
cxd5 Qa5+ 16. Kf2 Nxd4 17. Bxd4 Bxd4+ 18. Qxd4 Bd7 19. Rhb1 b5 20. Rb2 Rfc8 21.
Rab1 Rc5 22. h4 h5 23. Qd2 Qa7 24. Kg3 Rac8 25. Bxb5 Bxb5 26. Rxb5 Rc2 27. Qg5
Rxa2 28. Kh2 Rcc2 29. Rg1 Kg7 30. Rbb1 Qf2 31. Rbc1 Qxf3 32. Rxc2 Rxc2 33. Qxe7
Qf4+ 34. Kh1 Re2 35. Rd1 Rxe4 36. Qg5 Qxh4+ 37. Kg1 Qxg5 0-1